Statystyki dla 12 Miesięcy w 15 Sekund

Kliknij tutaj aby rozwiązać quiz!

Ogólne statystyki

  • Ten quiz został rozwiązany 586 131 razy
  • Średni wynik to 7 z 12

Statystyki odpowiedzi

miesiąc% Poprawnych
styczeń
97%
luty
96%
marzec
91%
kwiecień
83%
maj
82%
czerwiec
68%
lipiec
58%
sierpień
40%
wrzesień
25%
październik
13%
listopad
11%
grudzień
10%

Rozkład punktacji

Percentyl według liczby udzielonych odpowiedzi

Procent ludzi z każdym wynikiem

Twoja historia wyników

Nie rozwiązałeś tego quizu